[Lyžiarske strediská na Slovensku]

Z obsahu: Lyžiarske strediská - plač vystriedali investície. Vo Veľkej Rači začali s drobnosťami - vyplatilo sa. V Jasnej majú prekrytú rýchlu šesťsedačku a grandiózne plány. Eurofondy otvárajú šance pripraveným. Plejsy už skúsili aj to, ako chutí konkurz. Podiel na lyžiarskom koláči chcú aj mestá a...

Description complète

Enregistré dans:
Détails bibliographiques
Auteur principal: Beer, Gabriel
Autres auteurs: Janků, Jana
Format: Chapitre de livre
Langue:slovaque
Sujets:
Tags: Ajouter un tag
Pas de tags, Soyez le premier à ajouter un tag!

MARC

LEADER 00000naa$a2200000$$$4500
001 0004570
005 20231009074629.8
041 0 |a slo 
044 |a SK 
245 1 0 |a [Lyžiarske strediská na Slovensku]  |c aut. Gabriel Beer, Jana Janků 
520 |a Z obsahu: Lyžiarske strediská - plač vystriedali investície. Vo Veľkej Rači začali s drobnosťami - vyplatilo sa. V Jasnej majú prekrytú rýchlu šesťsedačku a grandiózne plány. Eurofondy otvárajú šance pripraveným. Plejsy už skúsili aj to, ako chutí konkurz. Podiel na lyžiarskom koláči chcú aj mestá a obce. Dobrá cena, budú aj lyžiari - tvrdí ruský podnikateľ. 
610 2 0 |a ruch cestovný domáci 
610 2 0 |a šport 
610 2 0 |a investície 
610 2 0 |a ceny 
610 2 0 |a služby 
610 2 0 |a kvalita 
100 1 |a Beer, Gabriel 
700 1 |a Janků, Jana